Weather / (Record no. 127729)

MARC details
000 -LEADER
fixed length control field 00676nam a22002297a 4500
005 - DATE AND TIME OF LATEST TRANSACTION
control field 20170124110029.0
010 ## - LIBRARY OF CONGRESS CONTROL NUMBER
LC control number 962328
020 ## - INTERNATIONAL STANDARD BOOK NUMBER
Terms of availability 00.00
035 ## - SYSTEM CONTROL NUMBER
System control number 962328
037 ## - SOURCE OF ACQUISITION
Source of stock number/acquisition Cen Lib/Ret
040 ## - CATALOGING SOURCE
Original cataloging agency DPL
Language of cataloging EN
082 ## - DEWEY DECIMAL CLASSIFICATION NUMBER
Classification number 551.591
Item number GOP
100 ## - MAIN ENTRY--PERSONAL NAME
Personal name Gopinathan, S.
9 (RLIN) 21360
245 ## - TITLE STATEMENT
Title Weather /
Statement of responsibility, etc by S. Gopinathan;selected by Rafael Candel Vila
260 ## - PUBLICATION, DISTRIBUTION, ETC. (IMPRINT)
Place of publication, distribution, etc Singapore
Name of publisher, distributor, etc Federal Publications
Date of publication, distribution, etc 1977
270 ## - ADDRESS
Address No.1, New Industrial Road
City Singapore
Postal code 057706
300 ## - PHYSICAL DESCRIPTION
Extent xi,95p. :
Dimensions 18cm(Hb)
Other physical details ill.
650 ## - SUBJECT ADDED ENTRY--TOPICAL TERM
Topical term or geographic name as entry element Earth science
9 (RLIN) 20709
650 ## - SUBJECT ADDED ENTRY--TOPICAL TERM
Topical term or geographic name as entry element Geology
9 (RLIN) 17268
700 ## - ADDED ENTRY--PERSONAL NAME
Personal name Vila, Rafael Candel
9 (RLIN) 74526
942 ## - ADDED ENTRY ELEMENTS (KOHA)
Source of classification or shelving scheme Dewey Decimal Classification
Koha item type English Books
Classification part 551.591
Call number suffix GOP
Holdings
Withdrawn status Lost status Damaged status Not for loan Home library Current library Date acquired Source of acquisition Cost, normal purchase price Total Checkouts Full call number Barcode Date last seen Copy number Cost, replacement price Price effective from Koha item type Public note
Written off       Central Library Central Library 30/06/2015 Cen Lib/Ret 0.00   551.591 GOP 962328 30/06/2015 1 0.00 30/06/2015 English Books Written off on approval by DLB (By Circulation); dtd 15-06-2023

© Delhi Public Library
Hit Counter
free hit counter